Mixed Word: 5 Letter A-Z XX Quiz Stats

Quiz Updated Feb 15, 2012

Challenge
Share
Tweet
Embed
Score 0/26 Timer 03:00
0 Plays Today
Scramble Unscramble % Correct
ONBWRBROWN
99.5%
EPPSIPEPSI
98.1%
CFLKOFLOCK
97.9%
ERVIRRIVER
97%
ODRERORDER
96.8%
DWOOYWOODY
96.6%
KKDAOKODAK
96.6%
IEGTRTIGER
96.3%
IGLTHLIGHT
95.9%
VCEIOVOICE
95.3%
ARFWDDWARF
95.2%
DRHCOCHORD
95%
THRAEHEART
94.8%
Scramble Unscramble % Correct
TNHRONORTH
94.7%
SLGSAGLASS
93.9%
OSOEMMOOSE
93.6%
ITENUUNITE
93.3%
EXORXXEROX
91.9%
PCIYSSPICY
91.8%
ABOJCJACOB
90.8%
EEPOLELOPE
89.2%
GEAERAGREE
87.9%
SYKIEYIKES
85.8%
UQHASQUASH
85.6%
POEPZZEPPO
74.8%
FIERNINFER
67.8%

You're not logged in!

Compare scores with friends on all Sporcle quizzes.
Join for Free
OR
Log In

You Might Also Like...

Show Comments

Extras

Top Quizzes Today


Score Distribution

Your Account Isn't Verified!

In order to create a playlist on Sporcle, you need to verify the email address you used during registration. Go to your Sporcle Settings to finish the process.

Report this User

Report this user for behavior that violates our Community Guidelines.

Details: